Los vasco-navarros ante la España, y ante los otros españoles (Registro nro. 164158)
[ vista simple ]
| 000 -LEADER | |
|---|---|
| campo de control de longitud fija | 00725nam a2200181 i 4500 |
| 001 - NÚMERO DE CONTROL | |
| campo de control | 164158 |
| 003 - IDENTIFICADOR DE NÚMERO DE CONTROL | |
| campo de control | ES-MaACL |
| 005 - FECHA Y HORA DE LA ÚLTIMA TRANSACCIÓN | |
| campo de control | 20230906212901.0 |
| 008 - DATOS DE LONGITUD FIJA--INFORMACIÓN GENERAL | |
| campo de control de longitud fija | 960321s1874 sp |||| | spa d |
| 040 ## - FUENTE DE CATALOGACIÓN | |
| Centro catalogador/agencia de origen | EUS |
| Lengua de catalogación | spa |
| Centro/agencia transcriptor | EUS |
| 100 1# - ENTRADA PRINCIPAL--NOMBRE DE PERSONA | |
| Nombre de persona | Ruiz de la Peña, Francisco. |
| 9 (RLIN) | 132187 |
| 245 14 - MENCIÓN DEL TÍTULO | |
| Título | Los vasco-navarros ante la España, y ante los otros españoles |
| Resto del título | : tres capítulos y un epílogo / |
| Mención de responsabilidad, etc. | por F. R. de la Peña. |
| 260 ## - PUBLICACIÓN, DISTRIBUCIÓN, ETC. | |
| Lugar de publicación, distribución, etc. | [S.l.] : |
| Nombre del editor, distribuidor, etc. | [s.n.], |
| Fecha de publicación, distribución, etc. | 1874 ( |
| Lugar de fabricación/manufactura | León : |
| Fabricante | Imp. de M. G. Redondo) |
| 300 ## - DESCRIPCIÓN FÍSICA | |
| Extensión | 64 p. ; |
| Dimensiones | 22 cm. |
| 596 ## - NOTA AL PIE DE IMPRENTA | |
| NOTA AL PIE DE IMPRENTA | Atribución del pie de imp.: Palau, 282267. |
| 597 ## - NOTA DE DESCRIPCIÓN FÍSICA | |
| NOTA DE DESCRIPCIÓN FÍSICA | Signaturizado numéricamente. |
| 852 ## - LOCALIZACIÓN | |
| Ubicación | ES-MaACL |
| Número de control de estantería | Fol-Laf-223 |
| Nota libre | -- Sin enc. |
| -- | -- Legado M. de la Fuente |
| condición física | -- Falto de la port. |
| Estatus retirado | Estado de pérdida | Estado de daño | No para préstamo | Colección | Biblioteca de origen | Biblioteca actual | Ubicación en estantería | Fecha de adquisición | Fuente de adquisición | Total de préstamos | Signatura topográfica completa | Código de barras | Visto por última vez | Precio de reemplazo | Tipo de ítem Koha |
|---|---|---|---|---|---|---|---|---|---|---|---|---|---|---|---|
| Colección de folletos | Biblioteca del Ateneo de Madrid | Biblioteca del Ateneo de Madrid | Depósito folletos | 17/01/2008 | Fol-Laf-223 | 1172049 | 23/02/2023 | 23/02/2023 | Folleto |
